000 00705nam a2200277 a 4500
003 AR-BaBNM
005 20251128203630.0
008 082120s2002 ||||||||||||||000 | spa||
040 _cAR-BaBNM
100 1 _aAlegría, Ciro
245 0 0 _aMucha suerte con harto Palo
_bmemorias
260 _aBuenos Aires
_bLosada
_c1976
300 _a471 p.
490 0 _aCristal del tiempo
650 4 _aLITERATURA LATINOAMERICANA
650 4 _aCRITICA LITERARIA
650 4 _aAUTOBIOGRAFIAS
653 _aLITERATURA PERUANA
653 _aMEMORIAS
653 _aCRITICA SOCIAL
653 _aINDIGENISMO
655 _aLITERATURA
700 1 _aVarona, Dora
_eprologuista
942 _cBK
998 _cMARTIN
999 _c4244
_d4244